Hiến pháp là gì?
Spremljeno u:
| Glavni autor: | |
|---|---|
| Format: | Knjiga |
| Izdano: |
H.
Phổ thông
1977
|
| Serija: | Tủ sách Nguyễn Tất Thành
|
| Oznake: |
Dodaj oznaku
Bez oznaka, Budi prvi tko označuje ovaj zapis!
|
| Thư viện lưu trữ: | Trung tâm Học liệu Lê Vũ Hùng, Trường Đại học Đồng Tháp |
|---|
| LEADER | 00610pam a22001938a 4500 | ||
|---|---|---|---|
| 001 | 00000554 | ||
| 005 | 20171026081022.0 | ||
| 008 | 110322s1977 ||||||Viesd | ||
| 041 | 0 | # | |a Vie |
| 082 | 1 | 4 | |a 342 |b H305PH |
| 100 | 0 | # | |a Phùng Văn Tửu |
| 245 | 0 | 0 | |a Hiến pháp là gì? |c Phùng Văn Tửu |
| 260 | # | # | |a H. |b Phổ thông |c 1977 |
| 300 | # | # | |a 61 tr. |c 19 cm. |
| 490 | # | # | |a Tủ sách Nguyễn Tất Thành |
| 852 | # | # | |b Kho mượn |j KM.0001892 |
| 852 | # | # | |j KM.0001892 |
| 910 | |d 22/03/2011 | ||
| 980 | # | # | |a Trung tâm Học liệu Lê Vũ Hùng, Trường Đại học Đồng Tháp |